Tutorial, software development environments : initially presented at COMPSAC 81, November 16-20, 1981 : the IEEE Computer Society's Fifth International Computer Software & Applications Conference /

Bibliographic Details
Corporate Authors: IEEE Computer Society, COMPSAC 81
Other Authors: Wasserman, Anthony I.
Format: Conference Proceeding Book
Language:English
Published: New York, NY : Institute of Electrical and Electronics Engineers, [1981]
Subjects:

MARC

Tag First Indicator Second Indicator Subfields
LEADER 00000cam a2200000 a 4500
001 in00000076135
005 20151008060436.0
008 820420s1981 nyua b 00000 eng
010 |a  81084365  
035 |a (OCoLC)08082187 
035 |9 AAJ5767AM 
039 0 |a 2  |b 3  |c 3  |d 3  |e 3 
040 |a DLC  |c DLC  |d TXA  |d UtOrBLW 
049 |a TXAM 
050 0 0 |a QA76.6  |b .T887 
082 0 |a 001.64/2  |2 19 
245 0 0 |a Tutorial, software development environments :  |b initially presented at COMPSAC 81, November 16-20, 1981 : the IEEE Computer Society's Fifth International Computer Software & Applications Conference /  |c [edited by] Anthony I. Wasserman. 
264 1 |a New York, NY :  |b Institute of Electrical and Electronics Engineers,  |c [1981] 
264 4 |c ©1981 
300 |a ix, 476 pages :  |b illustrations ;  |c 28 cm. 
336 |a text  |b txt  |2 rdacontent 
337 |a unmediated  |b n  |2 rdamedia 
338 |a volume  |b nc  |2 rdacarrier 
500 |a "IEEE catalog number EHO 187-5. Order number 385." 
504 |a Includes bibliographical references. 
650 0 |a Computer programming. 
650 0 |a Database management. 
700 1 |a Wasserman, Anthony I. 
710 2 |a IEEE Computer Society. 
711 2 |a COMPSAC 81  |d (1981 :  |c Chicago, Ill.) 
740 0 |a Software development environments. 
999 |a MARS 
999 f f |s 558906c7-7aab-304e-b318-de872354bb4d  |i 011fddce-f4d1-3422-bad7-76cacc3b9367  |t 0 
952 f f |p ric  |a Texas A&M University  |b Rellis Campus  |c Joint Library Facility  |d Remote Storage  |t 0  |e QA76.6 .T887  |h Library of Congress classification  |i unmediated -- volume  |m A14806201944 
998 f f |a QA76.6 .T887  |t 0  |l Remote Storage